000 003250000a22001570004500
003 MACL
040 _aMACL
090 _c46342
_d46340
100 _aRajan, T T Ranga
245 _aUnposted Letters
260 _bFrozen
_c2011
350 _a350
650 _aGeneralities
942 _cBOOK
_k080/RAJ
951 _o080/RAJ BOOK
999 _c45857
_d45857